Online
Catalog

Carcel de amor / (Record no. 6474)

MARC details
000 -CABECERA
campo de control de longitud fija 00488cam a2200169 a 4500
001 - NÚMERO DE CONTROL
campo de control 000006685
005 - FECHA Y HORA DE LA ÚLTIMA TRANSACCIÓN
campo de control 20200929153956.0
008 - DATOS DE LONGITUD FIJA--INFORMACIÓN GENERAL
campo de control de longitud fija 740521s1969 sp b 000 0 spa
040 ## - FUENTE DE LA CATALOGACIÓN
Centro catalogador/agencia de origen DO-SdBNP
Lengua de catalogación spa
Centro/agencia transcriptor BNPHU
082 ## - NÚMERO DE LA CLASIFICACIÓN DECIMAL DEWEY
Número de clasificación 863.2
Número de documento/Ítem S228c
100 1# - ENTRADA PRINCIPAL--NOMBRE DE PERSONA
Nombre de persona San Pedro, Diego de,
Fechas asociadas al nombre ¿1437-1498?
9 (RLIN) 18628
245 10 - MENCIÓN DE TÍTULO
Título Carcel de amor /
Mención de responsabilidad, etc. D. de San Pedro.
260 ## - PUBLICACIÓN, DISTRIBUCIÓN, ETC.
Lugar de publicación, distribución, etc. Barcelona :
Nombre del editor, distribuidor, etc. Zeus,
Fecha de publicación, distribución, etc. 1969.
300 ## - DESCRIPCIÓN FÍSICA
Extensión 237 p. ;
Dimensiones 18 cm.
650 #4 - PUNTO DE ACCESO ADICIONAL DE MATERIA--TÉRMINO DE MATERIA
Término de materia o nombre geográfico como elemento de entrada Novela española
9 (RLIN) 1123
650 #4 - PUNTO DE ACCESO ADICIONAL DE MATERIA--TÉRMINO DE MATERIA
Término de materia o nombre geográfico como elemento de entrada Literatura española
9 (RLIN) 632
Holdings
Estado de retiro Estado de pérdida Restricciones de uso No para préstamo Código de colección Localización permanente Ubicación/localización actual Ubicación en estantería Fecha de adquisición Número de inventario Total de préstamos Signatura topográfica completa Código de barras Fecha visto por última vez Precio válido a partir de Tipo de ítem Koha Número de copia
      Préstamo especial Monografías: Libros y Folletos General General Cancelado 01.09.2009 LF1   863.2 S228c 6685-10 25.06.2020 25.06.2020 No se presta  
      Excluido de préstamo Monografías: Libros y Folletos General General Depósito 26.05.2017 LF1   863.2 S228c 6685-20 25.06.2020 25.06.2020 No se presta e. 2

Powered by Koha